Business research methods. -- 9th ed (Record no. 79066)

MARC details
000 -LEADER
fixed length control field 01123nam a2200229 a 4500
008 - FIXED-LENGTH DATA ELEMENTS--GENERAL INFORMATION
fixed length control field 080924s2006 ||||||||||||||||| || u
020 ## - INTERNATIONAL STANDARD BOOK NUMBER
International Standard Book Number 0256239525
050 ## - LIBRARY OF CONGRESS CALL NUMBER
Classification number HD 30.4 Coo
100 ## - MAIN ENTRY--PERSONAL NAME
Personal name Schindler, Pamela S
245 10 - TITLE STATEMENT
Title Business research methods. -- 9th ed
Statement of responsibility, etc. Donal R. Cooper; Pamela S Schindler
250 ## - EDITION STATEMENT
Edition statement 9th ed.
260 ## - PUBLICATION, DISTRIBUTION, ETC.
Place of publication, distribution, etc. New Delhi
Name of publisher, distributor, etc. Tata McGraw-Hill
Date of publication, distribution, etc. 2006
300 ## - PHYSICAL DESCRIPTION
Extent xxiii, 757p. : ill.
350 ## -
-- 0.00
500 ## - GENERAL NOTE
General note Accompanied by a CD-ROM (see CBU Reference Librarian)
650 #0 - SUBJECT ADDED ENTRY--TOPICAL TERM
Topical term or geographic name entry element BUSINESS
650 ## - SUBJECT ADDED ENTRY--TOPICAL TERM
Topical term or geographic name entry element INDUSTRIAL MANAGEMENT--RESEARCH
700 ## - ADDED ENTRY--PERSONAL NAME
Personal name Cooper, Donald R
995 ## -
-- MAIN LIBRARY OPEN ACCESS
-- 0.00
-- 738267
-- CBU-MAIN LIBRARY (Kitwe)
-- 1
-- 0.00
-- HD 30.4 COO
-- 2
-- AVAILABLE
-- Sep 24, 2008
-- 738267
-- Main Library Open Access Collection
995 ## -
-- MAIN LIBRARY OPEN ACCESS
-- 0.00
-- 738266
-- CBU-MAIN LIBRARY (Kitwe)
-- 1
-- 0.00
-- HD 30.4 COO
-- 1
-- AVAILABLE
-- Sep 24, 2008
-- 738266
-- Main Library Open Access Collection
995 ## -
-- MAIN LIBRARY OPEN ACCESS
-- 0.00
-- 741207
-- CBU-MAIN LIBRARY (Kitwe)
-- 1
-- 0.00
-- HD 30.4 COO
-- 3
-- AVAILABLE
-- May 5, 2010
-- 741207
-- Main Library Open Access Collection
999 ## -
-- 79066
-- 79066

No items available.